000
00254nam a2200109Ia 4500
005
20251222114406.0
008
251222s1900||||xx |||||||||||||| ||spa||
082
_a
DVD0092/S25M/1996
245
0
_a
Mundo Achuar
264
_b
Muñóz C., Armando
942
_c
DVD
999
_c
1832
_d
1832